Qui est ce Pokémon ? #01 - Statistiques

Statistiques générales
  • Ce quiz a été pris 64 fois
  • Le résultat moyen est 6 sur 10
Statistiques - réponses
Énoncé Pokémon % Correct
Je suis un Pokémon de type Dragon, possédant un deuxième type qui n'est pas le type Poison. Je fais partie des Ultra-Chimère. Engloutyran
77%
Je suis un Pokémon quadrupède ressemblant à un porcelet. Mon groin et mes sabots sont roses. Je suis capable d'évoluer. Gourmelet
77%
Je suis un Pokémon évoluant d'un starter. Mon évolution finale possède une forme de Hisui qui gagne le type Ténèbres sous cette forme. Mateloutre
75%
Je suis un Pokémon possédant un double type, dont l'un des deux n'est ni le type Glace, ni le type Plante, je suis doublement faible face aux attaques de type Feu et je possède une méga-évolution. Cizayox
67%
Je suis un Pokémon de type Normal, originaire de Kanto, n'ayant ni évolution, pré-évolution, méga-évolution ou forme régionale. Métamorph
67%
Je suis un Pokémon au moins de type Glace, qui peut apprendre la capacité Vol, mais qui n'est ni un légendaire, ni un fabuleux. Cadoizo
62%
Je suis un Pokémon de type Eau, sans double type, appartenant à la troisième génération, comportant 6 lettres dans mon nom et n'étant ni un légendaire ni un fabuleux. Barpau
60%
Je suis un Pokémon ayant une pré-évolution ainsi qu'une évolution. Je n'ai qu'un seul type, qui est à la fois faible aux attaques Feu mais aussi aux attaques Sol. Clic
56%
Je suis un Pokémon au moins de type Feu, incapable de voler mais mon évolution peut apprendre la capacité Vol par CT. Je ne suis pas de la première génération. Pyronille
37%
Je suis un Pokémon possédant le talent Lévitation et qui a évolué grâce à une pierre évolutive qui n'existait pas encore en première génération. Magirêve
33%
Aucun quiz correspondant
Distribution des résultats
% des personnes avec chaque résultat
Percentile par nombre de réponses
Votre historique - résultats
Vous n’avez pas pris ce quiz